000 00267nam a22001097a 4500
008 170125b xxu||||| |||| 00| 0 eng d
020 _a9780827378520
041 _aeng
080 _25TH
_a61
245 _aINTRODUCTION TO HEALTH SERVICES
_cWILLIAMS, S.J
942 _2udc
_cBK
999 _c3675
_d3675